| 000 | 01425nam a2200277Ia 4500 | ||
|---|---|---|---|
| 999 |
_c38643 _d38643 |
||
| 001 | 4865 | ||
| 003 | GE_BSU | ||
| 005 | 20190814131402.0 | ||
| 008 | 181216s2008||||ge |||||||||||||| ||geo|| | ||
| 020 | _a999404401X | ||
| 040 | _cGE_BSU | ||
| 041 | _ageo | ||
| 080 | _a087.5 კ-92 | ||
| 100 |
_aკურთი, დიტერ _93578 |
||
| 245 |
_aძველი ეგვიპტე / _cდიტერ კურთი ; რედ. ლამარა შენგელია, ლალი ბიჭაშვილი ; ილუსტრ. იორნ ჰენიგისა და ფრანკ კლიმტის მიერ ; მთარგმნ. ლიანა სოსელია |
||
| 264 |
_aთბილისი : _bსაბავშვო ენციკლოპედია ; _c2008. |
||
| 300 |
_a48 გვ. : _bილ. ; _c28 სმ. |
||
| 541 | _h14ლ. | ||
| 653 | _aძველი ეგვიპტე | ||
| 700 |
_aშენგელია, ლამარა _eრედაქტორი _93579 |
||
| 700 |
_aბიჭაშვილი, ლალი _eრედაქტორი _93580 |
||
| 700 |
_aჰენიგის, იორნ _eილუსტრაცია _93581 |
||
| 700 |
_aკლიმტი, ფრანკ _eილუსტრაცია _93582 |
||
| 700 |
_aლიანა სოსელია _eმთარგმნელი _93583 |
||
| 942 |
_cBK _2udc |
||